000 00626nam a22001817a 4500
999 _c130512
_d130512
008 201020b ||||| |||| 00| 0 eng d
020 _a9786218009110
050 _aBR127.O51 v.5
245 _aReligious freedom
_bfoundations-reflections-models
_cKlaus Kramer and Klaus Vellguth ed.
260 _aPhilippines
_bClaretian Publications
_c2014
300 _axv, 308p. ;
_c22cm.
440 _aOne world theology
_n5
_949901
650 _aChristianity and other stories
_949902
650 _aFreedom, Religious
_949903
700 _aKramer, Klaus ed.
_949893
700 _aVellguth, Klaus ed.
_949894
942 _2lcc
_cMONOGRAPH